00375nam a2200133Ia 4500008004100000020001500041041001200056100001800068245008900086260003200175300000800207650001000215700001600225221030s9999 xx 000 0 und d a9380386218 aEnglish aM. K. Khedkar 2aA Text Book of Electric Power Distribution Automationcby M. K. Khedkar, G. M. Dhole bLaxmi Pub,aNew Delhic2014 a218 aBB EE aG. M. Dhole